[Event "2. Bundesliga West 2014/15"]
[Site "Diverse"]
[Date "2015.03.07"]
[Round "10"]
[Board "5"]
[White "Hengl, Christian"]
[Black "Atlas, Dmitry"]
[Result "1/2-1/2"]
[WhiteElo "2245"]
[BlackElo "2220"]
[PlyCount "120"]
[EventDate "2014.10.10"]
[EventType "team"]
[EventRounds "11"]
[EventCountry "AUT"]
[WhiteTeam "Rochade Rum"]
[BlackTeam "Hohenems II"]

1.d4 e6 2.Nf3 d5 3.Bf4 Nf6 4.e3 Be7 5.h3 O-O 6.Be2 b6 7.O-O Bb7 8.Nbd2 Nbd7 9.c4 c5
10.Bh2 Rc8 11.Rc1 Ne4 12.Nxe4 dxe4 13.Ne1 Nb8 14.Nc2 Bd6 15.Bxd6 Qxd6 16.dxc5 Qxc5
17.Qd4 Nc6 18.Qxc5 bxc5 19.Rfd1 Ne5 20.Rd6 Rfd8 21.Rcd1 Rxd6 22.Rxd6 Kf8 23.Ne1 Ke7
24.Rd2 Ba6 25.b3 Bb7 26.f4 Nd7 27.Nc2 f5 28.Na3 a6 29.Kf2 Rc6 30.g4 g6 31.Nb1 Rd6
32.Rb2 e5 33.Nc3 exf4 34.exf4 Bc6 35.Nd1 Nf8 36.Ne3 Kf6 37.b4 cxb4 38.c5 Rd4 39.Nc2
e3+ 40.Kxe3 Re4+ 41.Kd2 a5 42.a3 Rxf4 43.axb4 axb4 44.Nxb4 Bg2 45.Nd3 Rd4 46.Kc3 Rd8
47.gxf5 Bxh3 48.fxg6 hxg6 49.Rb6+ Be6 50.Bg4 Ke7 51.Ne5 Bxg4 52.Nxg4 Kd7 53.Ne5+ Kc7
54.Rf6 Rd5 55.Rf7+ Nd7 56.Nd3 Kd8 57.Rg7 Nxc5 58.Nxc5 Rxc5+ 59.Kd4 Rg5 60.Ke4 Ke8 1/2-1/2

[Event "2. Bundesliga West 2014/15"]
[Site "Diverse"]
[Date "2015.03.07"]
[Round "10"]
[Board "6"]
[White "Hofer, Emilian"]
[Black "Hoellrigl, Wilfried"]
[Result "0-1"]
[WhiteElo "2219"]
[BlackElo "2153"]
[PlyCount "76"]
[EventDate "2014.10.10"]
[EventType "team"]
[EventRounds "11"]
[EventCountry "AUT"]
[WhiteTeam "Hohenems II"]
[BlackTeam "Rochade Rum"]

1.e4 c5 2.Nf3 Nc6 3.d4 cxd4 4.Nxd4 Nf6 5.Nc3 e5 6.Ndb5 d6 7.Bg5 a6 8.Na3 b5 9.Nd5
Be7 10.Bxf6 Bxf6 11.c3 Ne7 12.Nxf6+ gxf6 13.Bd3 Bb7 14.Qe2 d5 15.f3 Qb6 16.Nc2 O-O
17.O-O-O b4 18.cxb4 d4 19.Kb1 Bc6 20.f4 Ng6 21.g3 Rfb8 22.Bc4 a5 23.f5 Ne7 24.Qg4+
Kh8 25.Bxf7 axb4 26.Qh4 Be8 27.Be6 Kg7 28.g4 h6 29.Rd3 Ng6 30.fxg6 Qxe6 31.Rh3 Bxg6
32.Qxh6+ Kf7 33.Rf1 Rh8 34.Qxh8 Rxh8 35.Rxh8 Bxe4 36.Re1 Qc6 37.Rc1 d3 38.Nxb4 d2+ 0-1

[Event "2. Bundesliga West 2014/15"]
[Site "Diverse"]
[Date "2015.03.07"]
[Round "10"]
[Board "1"]
[White "Krassowizkij, Jaroslaw"]
[Black "Schramm, Christian"]
[Result "1-0"]
[WhiteElo "2408"]
[BlackElo "2397"]
[PlyCount "119"]
[EventDate "2014.10.10"]
[EventType "team"]
[EventRounds "11"]
[EventCountry "AUT"]
[WhiteTeam "Goetzis"]
[BlackTeam "SIR Bernhard 2"]

1.Nf3 Nf6 2.c4 e6 3.g3 b6 4.Bg2 Bb7 5.O-O c5 6.Nc3 Be7 7.Re1 O-O 8.e4 d6 9.d4 cxd4
10.Nxd4 Qc7 11.Ndb5 Qc6 12.Be3 a6 13.Nd4 Qc7 14.Rc1 Nbd7 15.f4 Rfe8 16.Bf2 Rac8 17.e5
Bxg2 18.exf6 Ba8 19.fxe7 Qb7 20.Kf1 Rxc4 21.Ne4 Rxc1 22.Qxc1 Nc5 23.Nxd6 Qg2+ 24.Ke2
Rxe7 25.Rg1 Qd5 26.Nc8 Rb7 27.b4 e5 28.fxe5 Qxe5+ 29.Qe3 Ne4 30.Rc1 Rc7 31.Rxc7 Qxc7
32.Nf5 Qc4+ 33.Kd1 Qxa2 34.Be1 Qb1+ 35.Ke2 Qc2+ 36.Bd2 g6 37.Nfe7+ Kf8 38.Qd4 Ke8
39.Nxb6 Nxd2 40.Qd7+ Kf8 41.Qd8+ Kg7 42.Qxd2 Bf3+ 43.Ke3 Qe4+ 44.Kf2 Bh1 45.Qc3+ f6
46.Nbd5 Qg2+ 47.Ke3 Qe4+ 48.Kd2 Qg2+ 49.Kd1 Qg1+ 50.Kc2 Qxh2+ 51.Kb3 Qf2 52.Qc7 Qf3+
53.Ka4 Kf8 54.Qc8+ Kg7 55.Qc7 Qd1+ 56.Ka5 Qa1+ 57.Kb6 Kh6 58.Ng8+ Kg5 59.Qf4+ Kh5
60.Qh4# 1-0

[Event "2. Bundesliga West 2014/15"]
[Site "Diverse"]
[Date "2015.03.07"]
[Round "10"]
[Board "3"]
[White "Anistratov, Dmitrij"]
[Black "Huch, Reiner"]
[Result "1-0"]
[WhiteElo "2305"]
[BlackElo "2277"]
[PlyCount "123"]
[EventDate "2014.10.10"]
[EventType "team"]
[EventRounds "11"]
[EventCountry "AUT"]
[WhiteTeam "Goetzis"]
[BlackTeam "SIR Bernhard 2"]

1.Nf3 d5 2.c4 dxc4 3.Qa4+ Nc6 4.Qxc4 Nf6 5.Nc3 e5 6.d3 Be7 7.g3 Be6 8.Qa4 O-O 9.Bg2
Nd5 10.O-O Nb6 11.Qd1 Qd7 12.Bd2 Bh3 13.a3 Bxg2 14.Kxg2 a5 15.Rc1 f5 16.Qb3+ Kh8 17.Be3
Nd4 18.Bxd4 exd4 19.Nb1 a4 20.Qc2 c6 21.Nbd2 Qd5 22.Kg1 g5 23.Ne1 g4 24.Nc4 Nd7 25.e4
dxe3 26.fxe3 Bg5 27.Ng2 Rae8 28.Qc3+ Kg8 29.d4 Nf6 30.Ne5 Qe4 31.Rce1 Nd5 32.Qd2 Bf6
33.Nc4 Qe6 34.Qd3 b5 35.Nd2 Bg5 36.e4 fxe4 37.Rxf8+ Rxf8 38.Nxe4 Qg6 39.Qd1 h5 40.Nxg5
Qxg5 41.Qe2 Rf7 42.Qe8+ Kg7 43.Qe5+ Qxe5 44.Rxe5 Rf3 45.Re6 Rf6 46.Re2 Rf3 47.Rc2
Rf6 48.Rc1 Kf7 49.Ne1 Ne3 50.Nd3 Nc4 51.Rc2 Rd6 52.Ne5+ Nxe5 53.dxe5 Re6 54.h3 Kg6
55.hxg4 hxg4 56.Kf2 Kf5 57.Rc5 Ke4 58.Rc1 Kxe5 59.Ke3 Rf6 60.Ke2 Kd5 61.Rc3 c5 62.Rd3+ 1-0

[Event "2. Bundesliga West 2014/15"]
[Site "Diverse"]
[Date "2015.03.07"]
[Round "10"]
[Board "4"]
[White "Pflug, Mathias"]
[Black "Mittelberger, Peter"]
[Result "1/2-1/2"]
[WhiteElo "2259"]
[BlackElo "2203"]
[PlyCount "88"]
[EventDate "2014.10.10"]
[EventType "team"]
[EventRounds "11"]
[EventCountry "AUT"]
[WhiteTeam "SIR Bernhard 2"]
[BlackTeam "Goetzis"]

1.d4 g6 2.c4 Bg7 3.Nc3 Nf6 4.e4 O-O 5.Nf3 d6 6.Be2 Nbd7 7.O-O e5 8.Be3 Ng4 9.Bg5 f6
10.Bd2 Nh6 11.Qc2 Nf7 12.Rad1 c6 13.b4 Qe7 14.b5 Nb6 15.Be3 Bg4 16.Qb3 Kh8 17.h3 Bxf3
18.Bxf3 Rad8 19.c5 exd4 20.cxb6 dxe3 21.bxa7 exf2+ 22.Rxf2 cxb5 23.Nd5 Qe8 24.Rc2
Ne5 25.Nc7 Qd7 26.Qa3 Nc4 27.Rxc4 bxc4 28.a8=Q Rxa8 29.Nxa8 Qd8 30.e5 Qxa8 31.Qxa8
Rxa8 32.Bxb7 Rd8 33.exd6 c3 34.Be4 Bh6 35.d7 Bd2 36.Rb1 Rxd7 37.Rb8+ Kg7 38.Rc8 Ra7
39.Bd5 f5 40.Kf2 Kf6 41.Ke2 Re7+ 42.Kd1 Ke5 43.Bf3 Ra7 44.Ra8 Re7 1/2-1/2

[Event "2. Bundesliga West 2014/15"]
[Site "Diverse"]
[Date "2015.03.07"]
[Round "10"]
[Board "5"]
[White "Quintero Ortega, Carlos"]
[Black "Huber, Wolfgang"]
[Result "1-0"]
[WhiteElo "2190"]
[BlackElo "2007"]
[PlyCount "41"]
[EventDate "2014.10.10"]
[EventType "team"]
[EventRounds "11"]
[EventCountry "AUT"]
[WhiteTeam "Goetzis"]
[BlackTeam "SIR Bernhard 2"]

1.g3 d5 2.Bg2 c6 3.c4 Nf6 4.Nf3 g6 5.b3 Bg7 6.Bb2 dxc4 7.bxc4 Qb6 8.Qc1 c5 9.O-O O-O
10.Nc3 Be6 11.d3 h6 12.Rb1 Nc6 13.Nd5 Qd8 14.Bxf6 exf6 15.Rxb7 Rc8 16.Nf4 Bd7 17.Qa3
a6 18.Nd5 Re8 19.e3 Bf5 20.Nh4 Na5 21.Rb6 1-0

[Event "2. Bundesliga West 2014/15"]
[Site "Diverse"]
[Date "2015.03.07"]
[Round "10"]
[Board "6"]
[White "Prodinger, Johannes"]
[Black "Scheffknecht, Philipp"]
[Result "1-0"]
[WhiteElo "1911"]
[BlackElo "2152"]
[PlyCount "149"]
[EventDate "2014.10.10"]
[EventType "team"]
[EventRounds "11"]
[EventCountry "AUT"]
[WhiteTeam "SIR Bernhard 2"]
[BlackTeam "Goetzis"]

1.d4 Nf6 2.c4 g6 3.g3 Bg7 4.Bg2 O-O 5.Nf3 d6 6.O-O c6 7.Nc3 Nbd7 8.e4 e5 9.h3 Re8
10.Re1 a5 11.Be3 exd4 12.Nxd4 Nc5 13.f3 Ne6 14.Nc2 a4 15.Qd2 Qc7 16.Rad1 Rd8 17.Qf2
Nd7 18.Nd4 Nec5 19.f4 Re8 20.Ndb5 cxb5 21.Nxb5 Qd8 22.Nxd6 Na6 23.Nxe8 Qxe8 24.e5
Bf8 25.Kh2 Ndc5 26.g4 Bd7 27.Bd5 Rc8 28.Bd4 Nb4 29.f5 Ncd3 30.Qe2 Nxe1 31.Rxe1 Nxd5
32.cxd5 Bc5 33.Bc3 Qd8 34.e6 Bd6+ 35.Kg2 Qh4 36.exd7 Qg3+ 37.Kf1 Qf4+ 38.Qf2 Qc4+
39.Kg1 Rf8 40.Kh1 Qxd5+ 41.Qg2 Qb5 42.Rd1 Bc7 43.Bf6 Bd8 44.Bxd8 Rxd8 45.Qd2 Qc6+
46.Kg1 Qc5+ 47.Qd4 Qxd4+ 48.Rxd4 gxf5 49.gxf5 f6 50.Kf2 Kf7 51.Kf3 Ke7 52.Ke4 Rxd7
53.Rxd7+ Kxd7 54.Kd5 Ke7 55.b3 axb3 56.axb3 Kd7 57.b4 h6 58.Kc5 Kc7 59.Kb5 b6 60.Ka6
Kc6 61.Ka7 Kb5 62.Kb7 h5 63.h4 Kxb4 64.Kxb6 Kc4 65.Kc6 Kd4 66.Kd6 Ke4 67.Ke6 Kf4 68.Kxf6
Kg4 69.Ke6 Kxh4 70.f6 Kg3 71.f7 h4 72.f8=Q Kg2 73.Qa8+ Kh2 74.Qf3 h3 75.Ke5 1-0

[Event "2. Bundesliga West 2014/15"]
[Site "Diverse"]
[Date "2015.03.07"]
[Round "10"]
[Board "1"]
[White "Graf, Felix"]
[Black "Hertneck, Gerald"]
[Result "0-1"]
[WhiteElo "2478"]
[BlackElo "2465"]
[PlyCount "58"]
[EventDate "2014.10.10"]
[EventType "team"]
[EventRounds "11"]
[EventCountry "AUT"]
[WhiteTeam "Bregenz"]
[BlackTeam "Sparkasse Neumarkt"]

1.d4 d5 2.c4 c6 3.Nc3 Nf6 4.e3 a6 5.Nf3 Bf5 6.Ne5 h6 7.Bd3 Bxd3 8.Qxd3 e6 9.O-O Nbd7
10.f4 Bb4 11.Na4 Qa5 12.Qc2 Nxe5 13.fxe5 Ne4 14.c5 Qb5 15.Nb6 Rd8 16.a4 Qa5 17.Nc4
dxc4 18.Qxe4 O-O 19.Qc2 b6 20.cxb6 c5 21.b7 cxd4 22.exd4 Rxd4 23.Be3 Rd3 24.Rxf7 Kxf7
25.Qxc4 Rdd8 26.Rf1+ Kg8 27.Qxe6+ Kh8 28.Rc1 Bd2 29.Bb6 Bxc1 0-1

[Event "2. Bundesliga West 2014/15"]
[Site "Diverse"]
[Date "2015.03.07"]
[Round "10"]
[Board "2"]
[White "Sulava, Nenad"]
[Black "Jorczik, Julian"]
[Result "1-0"]
[WhiteElo "2441"]
[BlackElo "2385"]
[PlyCount "65"]
[EventDate "2014.10.10"]
[EventType "team"]
[EventRounds "11"]
[EventCountry "AUT"]
[WhiteTeam "Sparkasse Neumarkt"]
[BlackTeam "Bregenz"]

1.Nf3 Nf6 2.g3 b5 3.Bg2 Bb7 4.O-O e6 5.d3 c5 6.e4 d6 7.Nh4 Be7 8.e5 Bxg2 9.exf6 Bxf1
10.fxe7 Qxe7 11.Kxf1 Nc6 12.Nc3 b4 13.Ne4 d5 14.Ng5 h6 15.Nh3 g5 16.Ng2 Qf6 17.Be3
Qxb2 18.Bxc5 d4 19.a3 a5 20.Ne1 Rc8 21.axb4 axb4 22.Rb1 Qa2 23.Bxb4 Qd5 24.Ba3 h5
25.f3 Qf5 26.Nf2 Qa5 27.Rb3 f5 28.Qc1 g4 29.Qg5 Kf7 30.fxg4 hxg4 31.Nxg4 fxg4 32.Rb7+
Rc7 33.Qf4+ 1-0

[Event "2. Bundesliga West 2014/15"]
[Site "Diverse"]
[Date "2015.03.07"]
[Round "10"]
[Board "3"]
[White "Dobosz, Henryk"]
[Black "Farkas, Richard"]
[Result "1/2-1/2"]
[WhiteElo "2389"]
[BlackElo "2236"]
[PlyCount "142"]
[EventDate "2014.10.10"]
[EventType "team"]
[EventRounds "11"]
[EventCountry "AUT"]
[WhiteTeam "Bregenz"]
[BlackTeam "Sparkasse Neumarkt"]

1.Nf3 d5 2.g3 Bg4 3.Bg2 Nd7 4.c4 dxc4 5.Qa4 c6 6.Qxc4 Ngf6 7.Qc2 e5 8.d3 Bd6 9.Nbd2
Qe7 10.O-O O-O 11.Nc4 Bc7 12.b3 Rac8 13.Ba3 c5 14.Ne3 Bh5 15.Nh4 b6 16.Rfe1 Qe6 17.Rac1
Rfe8 18.Qc4 Qxc4 19.Rxc4 b5 20.Rc2 Bd6 21.Rec1 Rc7 22.h3 g5 23.Nhf5 Bf8 24.Bb2 h6
25.b4 Kh7 26.Kf1 Rec8 27.Nd5 Nxd5 28.Bxd5 Bg6 29.Ne3 f6 30.Be6 c4 31.Nd5 Kg7 32.Nxc7
Rxc7 33.a3 Nb6 34.g4 Re7 35.Bf5 Bxf5 36.gxf5 Rd7 37.Kg2 h5 38.dxc4 Nxc4 39.Ba1 Be7
40.Rxc4 bxc4 41.Rxc4 Bd8 42.Rc2 Kf7 43.Bb2 Rd1 44.a4 Ke7 45.Bc1 Kd6 46.e4 Ke7 47.a5
Kd7 48.Rd2+ Rxd2 49.Bxd2 a6 50.Be3 Be7 51.b5 axb5 52.a6 Kc6 53.Kf1 Bf8 54.f3 Be7 55.Ke2
Bf8 56.Kd3 Be7 57.Kc3 Bf8 58.Kb3 Be7 59.Bf2 h4 60.Be3 Bf8 61.Bd2 Kb6 62.Ba5+ Kxa6
63.Bd8 Bg7 64.Be7 Ka5 65.Ka3 Kb6 66.Kb4 Kc6 67.Ka5 Kd7 68.Bb4 Ke8 69.Kxb5 Kf7 70.Kc6
Bh8 71.Kd7 Bg7 1/2-1/2

[Event "2. Bundesliga West 2014/15"]
[Site "Diverse"]
[Date "2015.03.07"]
[Round "10"]
[Board "4"]
[White "Gara, Anita"]
[Black "Abhau, Jochen"]
[Result "1/2-1/2"]
[WhiteElo "2341"]
[BlackElo "2265"]
[PlyCount "69"]
[EventDate "2014.10.10"]
[EventType "team"]
[EventRounds "11"]
[EventCountry "AUT"]
[WhiteTeam "Sparkasse Neumarkt"]
[BlackTeam "Bregenz"]

1.e4 e6 2.d4 d5 3.Nd2 c5 4.exd5 exd5 5.Ngf3 Nf6 6.Bb5+ Bd7 7.Qe2+ Be7 8.dxc5 O-O 9.Nb3
Re8 10.Be3 a6 11.Bd3 Ba4 12.Nbd4 Bxc5 13.O-O Nc6 14.Qd1 Qb6 15.b3 Bb5 16.c3 Bxd3 17.Qxd3
Rac8 18.Rac1 Bxd4 19.Nxd4 Ne5 20.Qf5 Ne4 21.Ne2 Qe6 22.Qxe6 fxe6 23.f3 Nf6 24.Rfd1
Kf7 25.Kf1 Re7 26.Bd4 Nfd7 27.Rd2 g6 28.Re1 Nc6 29.Bf2 Nf6 30.Bc5 Rd7 31.Nd4 e5 32.Nc2
Re8 33.Ne3 b5 34.Red1 Ke6 35.Re1 1/2-1/2

[Event "2. Bundesliga West 2014/15"]
[Site "Diverse"]
[Date "2015.03.07"]
[Round "10"]
[Board "5"]
[White "Herbrechtsmeier, Christof"]
[Black "Kaspret, Guido"]
[Result "1-0"]
[WhiteElo "2286"]
[BlackElo "2308"]
[PlyCount "63"]
[EventDate "2014.10.10"]
[EventType "team"]
[EventRounds "11"]
[EventCountry "AUT"]
[WhiteTeam "Bregenz"]
[BlackTeam "Sparkasse Neumarkt"]

1.e4 c5 2.Nf3 d6 3.d4 cxd4 4.Nxd4 Nf6 5.Nc3 a6 6.Bg5 Nbd7 7.Bc4 h6 8.Bh4 e5 9.Nf5
g5 10.Bg3 Nc5 11.Bxe5 Bxf5 12.Bxf6 Qxf6 13.exf5 Qxf5 14.O-O Ne6 15.Re1 O-O-O 16.Nd5
Kb8 17.b4 Nf4 18.Rb1 Bg7 19.b5 a5 20.Qd2 Nxd5 21.Bxd5 Rde8 22.c4 b6 23.g3 Rxe1+ 24.Rxe1
Be5 25.Bg2 Kc7 26.Qd5 Rb8 27.Kh1 Kd8 28.Rf1 Qe6 29.Qd3 Rc8 30.f4 gxf4 31.gxf4 Bb2
32.Bh3 1-0

[Event "2. Bundesliga West 2014/15"]
[Site "Diverse"]
[Date "2015.03.07"]
[Round "10"]
[Board "6"]
[White "Egger, Martin"]
[Black "Bezler, Rainer"]
[Result "1-0"]
[WhiteElo "2061"]
[BlackElo "2215"]
[PlyCount "111"]
[EventDate "2014.10.10"]
[EventType "team"]
[EventRounds "11"]
[EventCountry "AUT"]
[WhiteTeam "Sparkasse Neumarkt"]
[BlackTeam "Bregenz"]

1.e4 d6 2.d4 Nf6 3.Nc3 g6 4.f4 Bg7 5.Nf3 c5 6.Bb5+ Bd7 7.e5 Ng4 8.e6 Bxb5 9.exf7+
Kd7 10.Nxb5 Qa5+ 11.Nc3 cxd4 12.Nxd4 h5 13.h3 Nh6 14.Qd3 Nc6 15.Nxc6 bxc6 16.Bd2 Qf5
17.Qxf5+ Nxf5 18.O-O-O Rhf8 19.g4 Ng3 20.Rhg1 h4 21.Rge1 Rxf7 22.Ne4 Bd4 23.Nxg3 hxg3
24.Be3 Bxe3+ 25.Rxe3 Rxf4 26.Rxg3 e5 27.Rb3 Rc8 28.Rb7+ Rc7 29.Rb8 d5 30.Rg8 Rf6 31.g5
Re6 32.Rf1 a6 33.Rf7+ Re7 34.Rxe7+ Kxe7 35.Rxg6 Rc8 36.Rh6 a5 37.a4 e4 38.Kd2 c5 39.Ra6
Rh8 40.Rxa5 Kd6 41.Ra6+ Ke5 42.Rh6 Rf8 43.Rf6 Rh8 44.Rf2 Rxh3 45.Rg2 Rh8 46.g6 d4
47.g7 Rg8 48.a5 Kd6 49.Rg6+ Kc7 50.c3 Kb7 51.cxd4 cxd4 52.b4 Ka7 53.b5 Kb7 54.a6+
Ka7 55.Ke2 e3 56.Kd3 1-0

[Event "2. Bundesliga West 2014/15"]
[Site "Diverse"]
[Date "2015.03.08"]
[Round "11"]
[Board "1"]
[White "Medvegy, Zoltan"]
[Black "Nuber, Blasius"]
[Result "1-0"]
[WhiteElo "2526"]
[BlackElo "2349"]
[PlyCount "91"]
[EventDate "2014.10.10"]
[EventType "team"]
[EventRounds "11"]
[EventCountry "AUT"]
[WhiteTeam "Ranshofen"]
[BlackTeam "HAK/HAS Innsbruck"]

1.g3 Nf6 2.Bg2 d5 3.Nf3 e6 4.c4 Be7 5.O-O O-O 6.d4 Nbd7 7.Qc2 c6 8.b3 b6 9.Rd1 Bb7
10.Nc3 Rc8 11.e4 dxe4 12.Ng5 h6 13.Ngxe4 Nxe4 14.Nxe4 Nf6 15.Bf4 Nxe4 16.Qxe4 Bd6
17.Rac1 Rc7 18.Bxd6 Qxd6 19.c5 Qe7 20.Qe3 Rd8 21.Bf3 Qf6 22.Qe5 Qxe5 23.dxe5 Rxd1+
24.Rxd1 bxc5 25.Rc1 Kf8 26.Rxc5 Ke7 27.Ra5 Bc8 28.Kf1 Kd8 29.Ke2 Bd7 30.Kd3 Be8 31.b4
Rd7+ 32.Kc3 Rc7 33.a4 Kc8 34.Ra6 Kb8 35.Kc4 Rc8 36.Kc3 Rc7 37.Be4 g5 38.h3 Rc8 39.Kc4
Rd8 40.Bxc6 Bxc6 41.Rxc6 Rd2 42.Kb5 Rxf2 43.Ka6 Re2 44.Rc5 Rb2 45.Rb5+ Ka8 46.Rb7 1-0

[Event "2. Bundesliga West 2014/15"]
[Site "Diverse"]
[Date "2015.03.08"]
[Round "11"]
[Board "2"]
[White "Wachinger, Guenther"]
[Black "Konnyu, Janos"]
[Result "1/2-1/2"]
[WhiteElo "2233"]
[BlackElo "2339"]
[PlyCount "45"]
[EventDate "2014.10.10"]
[EventType "team"]
[EventRounds "11"]
[EventCountry "AUT"]
[WhiteTeam "HAK/HAS Innsbruck"]
[BlackTeam "Ranshofen"]

1.d4 Nf6 2.c4 g6 3.Nc3 Bg7 4.e4 d6 5.Nf3 O-O 6.Be2 e5 7.d5 a5 8.Bg5 Na6 9.Nd2 Qe8
10.h4 Nd7 11.h5 f6 12.Be3 f5 13.f3 f4 14.Bf2 g5 15.Nf1 Rf7 16.g4 Bf8 17.Nd2 h6 18.Nb3
b6 19.Qd2 Ndc5 20.Nc1 Nd7 21.Nb3 Ndc5 22.Nc1 Nd7 23.Nb3 1/2-1/2

[Event "2. Bundesliga West 2014/15"]
[Site "Diverse"]
[Date "2015.03.08"]
[Round "11"]
[Board "3"]
[White "Dovzik, Juri"]
[Black "Niedermeier, Thomas"]
[Result "1/2-1/2"]
[WhiteElo "2303"]
[BlackElo "2194"]
[PlyCount "59"]
[EventDate "2014.10.10"]
[EventType "team"]
[EventRounds "11"]
[EventCountry "AUT"]
[WhiteTeam "Ranshofen"]
[BlackTeam "HAK/HAS Innsbruck"]

1.d4 Nf6 2.Nf3 g6 3.c4 Bg7 4.g3 O-O 5.Bg2 d6 6.O-O Nc6 7.Nc3 Bg4 8.b3 Nd7 9.Be3 e5
10.dxe5 Ndxe5 11.Rc1 Qd7 12.Nxe5 Bxe5 13.Nd5 Rac8 14.b4 Ne7 15.Re1 c6 16.Nxe7+ Qxe7
17.Qd2 Be6 18.Bg5 Bf6 19.Bf4 Rfd8 20.e4 Be5 21.Bg5 Bf6 22.Bf4 Be5 23.Be3 b5 24.cxb5
cxb5 25.Bg5 Bf6 26.Bf4 Be5 27.Bg5 Bf6 28.Bf4 Be5 29.Be3 Bf6 30.f4 1/2-1/2

[Event "2. Bundesliga West 2014/15"]
[Site "Diverse"]
[Date "2015.03.08"]
[Round "11"]
[Board "4"]
[White "Hajdarevic, Dino"]
[Black "Webersberger, Johann"]
[Result "0-1"]
[WhiteElo "2135"]
[BlackElo "2376"]
[PlyCount "66"]
[EventDate "2014.10.10"]
[EventType "team"]
[EventRounds "11"]
[EventCountry "AUT"]
[WhiteTeam "HAK/HAS Innsbruck"]
[BlackTeam "Ranshofen"]

1.d4 Nf6 2.Nf3 b6 3.g3 Bb7 4.Bg2 c5 5.c4 cxd4 6.O-O g6 7.Qxd4 Bg7 8.Nc3 d6 9.Rd1 Nbd7
10.b3 Rc8 11.Bb2 O-O 12.Qd2 Rc5 13.Bf1 Qa8 14.Ne1 Rh5 15.Nd3 Bh6 16.e3 Ng4 17.h3 Nde5
18.Ne1 Nxf2 19.Kxf2 Ng4+ 20.Ke2 Nxe3 21.Qd3 Nxf1 22.Kxf1 Rxh3 23.Nd5 Bxd5 24.cxd5
Qc8 25.Ng2 e5 26.Bc1 Qg4 27.Bxh6 Rxg3 28.Qe2 Qh3 29.Be3 f5 30.Bg1 f4 31.Qf2 f3 32.Ke1
fxg2 33.Qe2 Qh6 0-1

[Event "2. Bundesliga West 2014/15"]
[Site "Diverse"]
[Date "2015.03.08"]
[Round "11"]
[Board "5"]
[White "Ager, Josef"]
[Black "Heinrich, Thomas"]
[Result "0-1"]
[WhiteElo "2109"]
[BlackElo "2144"]
[PlyCount "48"]
[EventDate "2014.10.10"]
[EventType "team"]
[EventRounds "11"]
[EventCountry "AUT"]
[WhiteTeam "Ranshofen"]
[BlackTeam "HAK/HAS Innsbruck"]

1.Nf3 d5 2.d3 Nf6 3.Bg5 e6 4.Nc3 Be7 5.e4 O-O 6.Be2 b6 7.O-O Bb7 8.e5 Ne8 9.Bxe7 Qxe7
10.d4 c5 11.Nb1 Nd7 12.c3 f6 13.exf6 Nexf6 14.Re1 e5 15.dxe5 Nxe5 16.Nbd2 Ne4 17.Nxe4
dxe4 18.Nxe5 Qxe5 19.Bc4+ Kh8 20.Qd7 Rab8 21.Rad1 Qf4 22.Rf1 e3 23.fxe3 Qxe3+ 24.Kh1
Qe4 0-1

[Event "2. Bundesliga West 2014/15"]
[Site "Diverse"]
[Date "2015.03.08"]
[Round "11"]
[Board "6"]
[White "Georgiev, Georgi"]
[Black "Riediger, Martin"]
[Result "0-1"]
[WhiteElo "2107"]
[BlackElo "2262"]
[PlyCount "66"]
[EventDate "2014.10.10"]
[EventType "team"]
[EventRounds "11"]
[EventCountry "AUT"]
[WhiteTeam "HAK/HAS Innsbruck"]
[BlackTeam "Ranshofen"]

1.d4 d6 2.Nf3 Nf6 3.g3 g6 4.Bg2 Bg7 5.O-O O-O 6.c4 c6 7.Nc3 Qa5 8.d5 Bd7 9.e4 Rc8
10.Bd2 Be8 11.Qe2 Qa6 12.Rac1 Nbd7 13.b3 Nf8 14.Rc2 N6d7 15.Rfc1 e5 16.dxe6 Nxe6 17.Be3
Rd8 18.Qd2 Ne5 19.Rd1 Qa5 20.h3 Nxf3+ 21.Bxf3 c5 22.Ne2 Qc7 23.Bg2 b5 24.cxb5 Bxb5
25.Nf4 Bc6 26.Nxe6 fxe6 27.b4 Ba4 28.bxc5 Bxc2 29.Qxc2 dxc5 30.Rxd8+ Rxd8 31.Qxc5
Qxc5 32.Bxc5 Bd4 33.Bb4 Rc8 0-1

[Event "2. Bundesliga West 2014/15"]
[Site "Diverse"]
[Date "2015.03.08"]
[Round "11"]
[Board "1"]
[White "Zelcic, Robert"]
[Black "Loetscher, Roland"]
[Result "1-0"]
[WhiteElo "2553"]
[BlackElo "2458"]
[PlyCount "63"]
[EventDate "2014.10.10"]
[EventType "team"]
[EventRounds "11"]
[EventCountry "AUT"]
[WhiteTeam "Schwarzach"]
[BlackTeam "Kufstein / Woergl"]

1.e4 e5 2.Nf3 Nc6 3.Bb5 Nf6 4.O-O Nxe4 5.d4 Nd6 6.dxe5 Nxb5 7.a4 Nbd4 8.Nxd4 d6 9.Nxc6
bxc6 10.Qf3 dxe5 11.Qxc6+ Bd7 12.Qe4 Bd6 13.f4 O-O 14.fxe5 Qe7 15.Bf4 Rab8 16.Kh1
Qe6 17.Nd2 Be7 18.b3 Bc6 19.Qe3 Rb4 20.c3 Qd5 21.Qe2 Rb7 22.b4 Rd8 23.b5 Bd7 24.Nf3
Qc5 25.Be3 Qxc3 26.Bg5 Re8 27.Qe4 Bc8 28.Bxe7 Rxe7 29.Ng5 g6 30.Nxh7 Rxe5 31.Qh4 Bf5
32.Rac1 1-0

[Event "2. Bundesliga West 2014/15"]
[Site "Diverse"]
[Date "2015.03.08"]
[Round "11"]
[Board "2"]
[White "Bertagnolli, Alexander"]
[Black "Krstic, Uros"]
[Result "1/2-1/2"]
[WhiteElo "2343"]
[BlackElo "2428"]
[PlyCount "121"]
[EventDate "2014.10.10"]
[EventType "team"]
[EventRounds "11"]
[EventCountry "AUT"]
[WhiteTeam "Kufstein / Woergl"]
[BlackTeam "Schwarzach"]

1.e4 c6 2.Nf3 d5 3.exd5 cxd5 4.Ne5 Nf6 5.d4 g6 6.h4 Bg7 7.h5 Nxh5 8.Rxh5 gxh5 9.Bb5+
Bd7 10.Qxh5 Bxe5 11.Qxe5 Rg8 12.Bd3 Nc6 13.Qh2 Be6 14.c3 Qd7 15.Be3 Bf5 16.Be2 Qd6
17.Qxd6 exd6 18.g3 a6 19.Nd2 Kd7 20.Nf3 Rgc8 21.Nh4 Be6 22.Bd3 h5 23.O-O-O Rh8 24.Rh1
Ne7 25.Bg5 Raf8 26.Bf6 Rhg8 27.Ng2 Bg4 28.Bh7 Bf3 29.Rg1 Bxg2 30.Rxg2 Rg6 31.Bxg6
fxg6 32.Bxe7 Kxe7 33.Kd2 Kf6 34.f3 Re8 35.Rh2 Kf5 36.Rh1 Re7 37.Kd3 Kf6 38.a4 Re8
39.a5 Rh8 40.c4 dxc4+ 41.Kxc4 Ke6 42.Re1+ Kd7 43.Kd5 Rf8 44.g4 Rxf3 45.Re6 Rf4 46.Rxd6+
Kc7 47.Rxg6 Rxg4 48.Rh6 Rg5+ 49.Ke6 Kc6 50.Ke7+ Kd5 51.Kf6 Rg2 52.Rxh5+ Kxd4 53.Ke6
Rxb2 54.Kd6 Rb5 55.Rh4+ Kc3 56.Kc7 Kb3 57.Rg4 Rb4 58.Rg1 Rb5 59.Rg4 Ka3 60.Rh4 Kb3
61.Rg4 1/2-1/2

[Event "2. Bundesliga West 2014/15"]
[Site "Diverse"]
[Date "2015.03.08"]
[Round "11"]
[Board "3"]
[White "Brumen, Dinko"]
[Black "Koepke, Christian"]
[Result "1-0"]
[WhiteElo "2359"]
[BlackElo "2322"]
[PlyCount "71"]
[EventDate "2014.10.10"]
[EventType "team"]
[EventRounds "11"]
[EventCountry "AUT"]
[WhiteTeam "Schwarzach"]
[BlackTeam "Kufstein / Woergl"]

1.d4 Nf6 2.Bg5 Ne4 3.Bf4 c5 4.f3 Nf6 5.d5 Nh5 6.Be3 d6 7.Nc3 g6 8.Qd2 Nd7 9.Bh6 Bxh6
10.Qxh6 b5 11.e4 b4 12.Nd1 Qa5 13.Qd2 O-O 14.g4 Nhf6 15.Ne3 Ne5 16.h4 Ba6 17.Bxa6
Qxa6 18.h5 Qb6 19.Qe2 c4 20.O-O-O c3 21.Nh3 cxb2+ 22.Kb1 Rac8 23.hxg6 fxg6 24.Ng5
Rc3 25.Rde1 Rfc8 26.f4 Nc4 27.Nxc4 R3xc4 28.Rh2 b3 29.axb3 Qa5 30.Kxb2 Qc3+ 31.Kb1
Rb8 32.Qd2 Qg3 33.Reh1 Rc3 34.Rh3 Rcxb3+ 35.cxb3 Rxb3+ 36.Kc2 1-0

[Event "2. Bundesliga West 2014/15"]
[Site "Diverse"]
[Date "2015.03.08"]
[Round "11"]
[Board "4"]
[White "Levushkina, Elena"]
[Black "Roeberg, Frank"]
[Result "1-0"]
[WhiteElo "2299"]
[BlackElo "2249"]
[PlyCount "99"]
[EventDate "2014.10.10"]
[EventType "team"]
[EventRounds "11"]
[EventCountry "AUT"]
[WhiteTeam "Kufstein / Woergl"]
[BlackTeam "Schwarzach"]

1.e4 e5 2.Nc3 Nf6 3.g3 Nc6 4.Bg2 Bc5 5.Nge2 a6 6.O-O d6 7.Nd5 Nd4 8.Nxd4 Bxd4 9.c3
Ba7 10.Ne3 Be6 11.d4 Qd7 12.b3 Bh3 13.dxe5 Bxg2 14.Kxg2 dxe5 15.Qxd7+ Nxd7 16.Kf3
f6 17.Ba3 Bc5 18.Bxc5 Nxc5 19.Rfd1 Rd8 20.Rxd8+ Kxd8 21.Rd1+ Ke8 22.h4 Rf8 23.Rd5
Ne6 24.Nc4 Rf7 25.Ke3 Rd7 26.f4 exf4+ 27.gxf4 b6 28.Rd2 Rxd2 29.Nxd2 Kf7 30.Nf3 g6
31.b4 h6 32.f5 Ng7 33.Kf4 gxf5 34.exf5 Ne8 35.Nd4 c5 36.bxc5 bxc5 37.Ne6 c4 38.Nc5
a5 39.Nb7 a4 40.Ke4 Ke7 41.Kd5 Ng7 42.Nd6 a3 43.Kc6 Nh5 44.Nxc4 Ng3 45.Ne3 Ne2 46.Nd5+
Kf7 47.Kb5 Nc1 48.Kb4 Nxa2+ 49.Kxa3 Nc1 50.Nf4 1-0